| 000 | 00000nam##2200000za#4500 |
| 001 | 9.615386 |
| 003 | CaOODSP |
| 005 | 20210615101115 |
| 007 | ta |
| 008 | 150406|2000||||xxc||||| f|0| 0 eng|d |
| 020 | |a0-660-18339-0 |
| 022 | |a1200-5223 |
| 040 | |aCaOODSP|beng |
| 043 | |an-cn--- |
| 086 | 1 |aCS11-0019/156E |
| 245 | 04|aThe impact of international trade on the wages of Canadians / |cby Omar Zakhilwal. |
| 260 | |aOttawa - Ontario : |bStatistics Canada. |c2000. |
| 300 | |a15p. : |breferences, tables ; |c28 cm. |
| 490 | 1 |aResearch paper series|x1200-5223|v156 |
| 500 | |a"Developments in the relative wages of more and less educated workers during the early 1990s are studied in this paper, with particular attention being paid to the impact of international trade."--Page 1. |
| 563 | |aSoftcover |
| 590 | |a01-03|b2001-01-19 |
| 710 | 2 |aStatistics Canada. |bAnalytical Studies Branch. |
| 720 | 1 |aZakhilwal, Omar |
| 776 | 0#|tThe impact of international trade on the wages of Canadians / |w(CaOODSP)9.557510 |
| 830 | #0|aResearch paper series,|x1200-5223|v156|w(CaOODSP)9.514463 |